01145nam a2200289 i 4500001000300000245026700003260008000270300003300350500002400383504002200407650003200429650002000461650001500481655002900496700002700525700002800552710009100580020001500671040000800686041000700694080002200701920001800723942000700741008004100748999001700789952004900806bg00aProceedings of the International Workshop on Discrete-Event System Design DESDes'01 :bJune 27-29, 2001 Przytok near Zielona Góra /ced. by Marian Adamski, Marek Węgrzyn ; Computer Engineering and Electronics Institute Technical University of Zielona Góra. aZielona Góra :bOficyna Wydawnicza Politechniki Zielonogórskiej,c2001. aVII, 266 s. :bil. ;c24 cm. aStreszcz. przy ref. aBibliogr. po ref. 9aSieci Petriegoxzagadnienia 9aUkłady cyfrowe 9aSterowanie aMateriały konferencyjne1 aADAMSKI, Marian.eRed.1 aWĘGRZYN, Marek.eRed.0 aTechnical University of Zielona GórabComputer Engineering and Electronics Institute a8385911626 cBPK0 aen a004.4:519.1](061) a83-85911-62-6 cKS s pl f |000 0 pol  c42641d42641 00104070aBPKbBPKcwo67032p01919035yKS